000 00862nam a2200241Ia 4500
003 OSt
005 20220923220442.0
006 a|||||r|||| 00| 0
007 ta
008 220922b |||||||| |||| 00| 0 hin d
024 _a186,746
037 _cTextual
040 _aARTS
_cARTS
_bhin
041 _2hin
_ahin
082 _aX.2.N5, 152L31
100 _aधोष, अलक
245 0 _aभारतीय अर्थव्यवस्था* इसकी प्रकृति एवं समस्याएं, अनु ब्रजनन्दन सिंहा
246 _aBhāratīya arthavyavasthā: isakī prakṛuti evan samasyāean, anu0 brajanandan sianhā
250 _aसंशों संस्क0 2
260 _c1973
942 _hX.2.N5, 152L31
_cTEXL
_2CC
999 _c339989
_d339989